01509nab a22002657a 4500999001500000003000400015005001700019008004100036040000700077100003300084245020000117260007300317300001300390500004400403505035500447505009000802650003300892650003400925650003000959650003300989650002501022650004501047773013801092942001301230 c5455d5455OSt20251023104912.0190603e xxum|||| |||| 00| 0 spa d cPJ 96459aRuano, María Candela10aInmortalidad digital : bla inteligencia artificial como puente hacia la eternidad virtual. Privacidad, intimidad y los dilemas de la vida digital después de la muerte /cMaría Candela Ruano. cCiudad Autónoma de Buenos Aires :aThomson Reuters La Ley, b2025. ap. 81-89 aCita Online: TR LALEY AR/DOC/429/2025.  aSumario: I. Introducción.— II. Inmortalidad digital: la inteligencia artificial como puente hacia la eternidad virtual.— III. Nuevos alcances y perspectivas de los derechos a la privacidad e intimidad.— IV. Más allá de la vida: ¿merece tutela la privacidad e intimidad de la persona después de su muerte?— V. Consideraciones finales. t¿Te interesa el texto completo? Solicitalo al correo: koha@justierradelfuego.gov.ar  096081aCIENCIA Y TECNOLOGÍA 095817aINTELIGENCIA ARTIFICIAL 095557aDERECHO A LA IMAGEN 092724aDERECHO A LA INTIMIDAD 095585aCONSENTIMIENTO 091274aFIN DE LA EXISTENCIA DE LA PERSONA0 0271393170dCiudad Autónoma de Buenos Aires : Thomson Reuters La Ley, 2015-tRevista Código Civil y Comercial. Nº 2 - Abril 2025 2udccANA